Library Banner

Islam and the Muslim woman today/ (Record no. 96165)

MARC details
000 -LEADER
fixed length control field 00385nam a22001457a 4500
005 - DATE AND TIME OF LATEST TRANSACTION
control field 20170801152206.0
008 - FIXED-LENGTH DATA ELEMENTS--GENERAL INFORMATION
fixed length control field 170801b xxu||||| |||| 00| 0 eng d
040 ## - CATALOGING SOURCE
Transcribing agency PK-LaUMT
082 ## - DEWEY DECIMAL CLASSIFICATION NUMBER
Classification number ZIAC 297.082
Item number MAR-I
100 ## - MAIN ENTRY--PERSONAL NAME
Personal name Maryam Jameelah
245 ## - TITLE STATEMENT
Title Islam and the Muslim woman today/
Statement of responsibility, etc Maryam Jameelah
260 ## - PUBLICATION, DISTRIBUTION, ETC. (IMPRINT)
Place of publication, distribution, etc Lahore:
Name of publisher, distributor, etc Muhammad Yusuf,
Date of publication, distribution, etc 1976
300 ## - PHYSICAL DESCRIPTION
Extent 51 p.
942 ## - ADDED ENTRY ELEMENTS (KOHA)
Koha item type Books
Holdings
Withdrawn status Lost status Damaged status Home library Current library Date acquired Full call number Barcode Date last seen Price effective from Koha item type
      UMT Main Campus UMT Main Campus 2017-08-01 ZIAC 297.082 MAR-I 111775 2017-08-01 2017-08-01 Books